| 000 | 01169cab a2200277 4500 | ||
|---|---|---|---|
| 001 | ABS67524 | ||
| 008 | 040217n2004 000 0 eng u | ||
| 035 | _a(Sirsi) u125158 | ||
| 100 | _aMcIntosh, A. | ||
| 245 | _aAre we all better off? | ||
| 260 | _c2004 | ||
| 490 |
_aEstates Gazette _v(0402) 10 January 2004, 79-81(3) |
||
| 520 | _aThe "Code of practice for commercial leases in England and Wales" (ISBN 1842190989) encourages more flexible lease terms for occupiers in an attempt to create a more flexible market. Whether it has succeeded, or if legislation is needed are questions considered in a King Sturge survey undertaken in 2003. The survey data implies that government should not interfere as the market is able to offer flexibility as appropriate. Tables. | ||
| 590 | _aKA | ||
| 650 | _aCODE FOR LEASING BUSINESS PREMISES IN ENGLAND AND WALES | ||
| 650 | _aOCCUPIERS | ||
| 650 | _aFLEXIBLE LEASES | ||
| 650 | _aLEASE TERMS | ||
| 650 | _aLEGISLATION | ||
| 650 | _aLEASE LENGTH | ||
| 650 | _aKING STURGE | ||
| 650 | _aSURVEY | ||
| 650 | _aPROPERTY-COMMERCIAL PROPERTY | ||
| 690 | _aLANDLORD AND TENANT-BUSINESS TENANCIES | ||
| 942 | _n0 | ||
| 999 |
_c74151 _d74151 |
||